| 000 | 00611nam a2200157Ia 4500 | ||
|---|---|---|---|
| 008 | 220216s9999 xx 000 0 und d | ||
| 100 | _aAbraham Satish | ||
| 245 | 0 | _aLatex processors perspective on enhancing competitiveness of the rubber sector in Kerala | |
| 260 | _bResurgent-Natural Rubber: Conference on Enhancing Competitiveness of the Rubber Industry and Thought Leadership in Development of Rubber Sector in Kerala, Kochi 19-20 December, 2003: Souvenir | ||
| 300 | _a39-42 | ||
| 650 | _aKerala | ||
| 650 | _aLatex processing | ||
| 650 | _aNR industry | ||
| 650 | _aRubber plantation | ||
| 942 | _cJS | ||
| 999 |
_c62056 _d62056 |
||